Kríza a inovácie logistiky

Kríza a logistika. Inovatívna logistika. Inovácie predstavujú v období krízy konkurenčný faktor. Prínosy inovatívnej logistiky. Externé ukazovatele logistických služieb.

Guardado en:
Detalles Bibliográficos
Autor principal: Dzurová, Mária
Formato: Capítulo de libro
Lenguaje:eslovaco
Materias:
Etiquetas: Agregar Etiqueta
Sin Etiquetas, Sea el primero en etiquetar este registro!

MARC

LEADER 00000naa$a2200000$$$4500
001 0125378
005 20240522074722.0
041 0 |a slo 
044 |a CZ 
245 1 0 |a Kríza a inovácie logistiky  |c Mária Dzurová 
520 |a Kríza a logistika. Inovatívna logistika. Inovácie predstavujú v období krízy konkurenčný faktor. Prínosy inovatívnej logistiky. Externé ukazovatele logistických služieb. 
610 2 0 |a logistika 
610 2 0 |a inovácia 
610 2 0 |a kríza 
610 2 0 |a riadenie procesné 
610 2 0 |a manažment inovačný 
100 1 |a Dzurová, Mária